• 首页
  • 本馆介绍
  • 公告通知
  • 最新文献
  • 馆藏检索
  • 电子资源
  • 读者导购
  • 参考咨询
  • 我的图书馆
  • 登录
  • 详细信息显示
  • 放入我的书架
  • 预约/预借图书
  • 作者相关作品
  • 分类相关作品
  • 丛书相关作品
  • 出版社相关作品

书目信息

  • 表格格式
  • 工作单格式
  • 卡片格式
题名:
河南玩全攻略
    
 
作者: 《河南玩全攻略》编辑部编著
分册:  
出版信息: 桂林   广西师范大学出版社  2013
页数: 257页
开本: 22cm
丛书名:
单 册:
中图分类: K928.961
科图分类:
主题词: 旅游指南--河南
电子资源:
ISBN: 978-7-5495-3135-6
000 00840nam0 2200241 450
001 339507
005 20150608151947.01
010    @a978-7-5495-3135-6@dCNY48.00
100    @a20130506d2013 em y0chiy50 ea
101 0  @achi
102    @aCN@b450000
105    @aa z 001yy
106    @ar
200 1  @a河南玩全攻略@Ahe nan wan quan gong lue@d= Henan guide & map@f《河南玩全攻略》编辑部编著@zeng
210    @a桂林@c广西师范大学出版社@d2013
215    @a257页@c彩图@d22cm
300    @a2013-2014最新全彩版 玩全攻略 最正版
330    @a本书网罗河南的288个热门景点, 内容包括: 玩转郑州、玩转开封、玩转洛阳、玩转安阳、玩转焦作、玩转商丘、玩转南阳、玩转信阳、玩转平顶山、玩转许昌等。
510 1  @aHenan guide & map@zeng
606 0  @a旅游指南@y河南
690    @aK928.961@v5
801  0 @aCN@b卓展宏图@c20150525
905    @dK928.961@e861@f4
    
    河南玩全攻略= Henan guide & map/《河南玩全攻略》编辑部编著.-桂林:广西师范大学出版社,2013
    257页:彩图;22cm
    2013-2014最新全彩版 玩全攻略 最正版
    
    ISBN 978-7-5495-3135-6:CNY48.00
    本书网罗河南的288个热门景点, 内容包括: 玩转郑州、玩转开封、玩转洛阳、玩转安阳、玩转焦作、玩转商丘、玩转南阳、玩转信阳、玩转平顶山、玩转许昌等。
●
相关链接 在E读中查询图书 在五车中查询图书 在当当中查询图书 在豆瓣中查询图书


正题名:河南玩全攻略     索取号:K928.961/861         预约/预借

序号 登录号 条形码 馆藏地/架位号 状态 备注
1 858493   208584931   第二样本阅览室/ [索取号:K928.961/861] 在馆    
2 858494   208584940   密集书库-资源管理系/ [索取号:K928.961/861] 在馆    
3 858495   208584959   第二借阅区/ [索取号:K928.961/861] 在馆    
4 858496   208584968   第二借阅区/ [索取号:K928.961/861] 在馆    
唐山师范学院图书馆 欢迎您!
大连网信软件有限公司© 版权所有